000 01127nam1a22002411i 4500
001 rc\627573
005 20240726062438.0
035 _a(NLR Aleph) 008743549
090 _a9541814
_c9541814
100 _a20031121g19869999u |0rusy50 ca
101 0 _arus
102 _aRU
105 _ay |||||||||
200 1 _aКомплексная миниатюризация радиоэлектронной аппаратуры
_eУчеб. пособие
_fМ-во радиопромышленности СССР, Ин-т повышения квалификации руководящих работников и специалистов
210 _aМ.
_cБ. и.
_d1986-
215 _d20
606 1 _aРадиоэлектронная аппаратура
_xМиниатюризация
_2rkp
712 0 2 _aИнститут повышения квалификации руководящих работников и специалистов М-ва радиопромышленности СССР
801 0 _aRU
_bNLR
_gpsbo
801 1 _aRU
_bELAR
_2rusmarc
801 2 _aRU
_bNLR
_c20040423
_2rusmarc
852 _aNLR
_j87-3/2609
942 _cBOOK